Statistical distributions in scientific work : proceedings of the NATO Advanced Study Institute held at the Universita degli Studi di Trieste, Italy, July 10-August 1, 1980 /

Bibliographic Details
Corporate Authors: NATO Advanced Study Institute Trieste, Italy, North Atlantic Treaty Organization. Scientific Affairs Division
Other Authors: Taillie, C., Patil, Ganapati P., Baldessari, Bruno
Format: Conference Proceeding Book
Language:English
Published: Dordrecht, Holland ; Boston : Published in cooperation with NATO Scientific Affairs Division [by] D. Reidel Pub. Co. ; [1981-]
Series:NATO advanced study institutes series. Mathematical and physical sciences ; v. 79.
Subjects:

MARC

Tag First Indicator Second Indicator Subfields
LEADER 00000cam a22000008a 4500
001 in00000085035
005 20151008054446.0
008 810723m19819999ne a b 10110 eng
010 |a  81012043  
020 |a 9027713324 (v. 4) 
020 |a 9027713332 (v. 5) 
020 |a 9027713340 (v. 6) 
035 |a (OCoLC)07672255 
035 |9 AAJ0727AM 
039 0 |a 2  |b 3  |c 3  |d 3  |e 3 
040 |a DLC  |c DLC  |d TXA  |d UtOrBLW 
049 |a TXAM  |v 4 [1803976]  |v 5 [1803977]  |v 6 [1803978] 
050 0 0 |a QA273.6  |b .N37 1980 
082 0 |a 519.5  |2 19 
111 2 |a NATO Advanced Study Institute  |d (1980 :  |c Trieste, Italy) 
245 1 0 |a Statistical distributions in scientific work :  |b proceedings of the NATO Advanced Study Institute held at the Universita degli Studi di Trieste, Italy, July 10-August 1, 1980 /  |c edited by Charles Taillie, Ganapati P. Patil, and Bruno A. Baldessari. 
263 |a 8110 
264 1 |a Dordrecht, Holland ;  |a Boston :  |b Published in cooperation with NATO Scientific Affairs Division [by] D. Reidel Pub. Co. ;  |c [1981-] 
264 2 |a Hingham, MA :  |b Distributed in the U.S.A. and Canada by Kluwer Boston, 
264 4 |c ©1981- 
300 |a volumes :  |b illustrations ;  |c 25 cm. 
336 |a text  |b txt  |2 rdacontent 
337 |a unmediated  |b n  |2 rdamedia 
338 |a volume  |b nc  |2 rdacarrier 
490 1 |a NATO advanced study institutes series. Series C, Mathematical and physical sciences ;  |v v. 79 
504 |a Includes bibliographical references and indexes. 
505 0 |a v. 4. Models, structures, and characterizations -- v. 5. Inferential problems and properties -- v. 6. Applications in physical, social, and life sciences. 
650 0 |a Distribution (Probability theory)  |x Congresses. 
650 0 |a Mathematical statistics  |v Congresses. 
700 1 |a Taillie, C. 
700 1 |a Patil, Ganapati P. 
700 1 |a Baldessari, Bruno. 
710 2 |a North Atlantic Treaty Organization.  |b Scientific Affairs Division. 
830 0 |a NATO advanced study institutes series.  |n Series C,  |p Mathematical and physical sciences ;  |v v. 79. 
999 |a MARS 
999 f f |s e98eda7f-2a02-38f7-b45e-ee78a713286d  |i e01bff54-54c8-3d4d-8b72-d8805e7b615b  |t 0 
952 f f |p ric  |a Texas A&M University  |b Rellis Campus  |c Joint Library Facility  |s JLF  |d Remote Storage  |t 0  |e QA273.6 .N37 1980  |h Library of Congress classification  |i unmediated -- volume  |k v.5  |m A14806203946 
952 f f |p ric  |a Texas A&M University  |b Rellis Campus  |c Joint Library Facility  |s JLF  |d Remote Storage  |t 0  |e QA273.6 .N37 1980  |h Library of Congress classification  |i unmediated -- volume  |k v.6  |m A14806203954 
952 f f |p ric  |a Texas A&M University  |b Rellis Campus  |c Joint Library Facility  |s JLF  |d Remote Storage  |t 0  |e QA273.6 .N37 1980  |h Library of Congress classification  |i unmediated -- volume  |k v.4  |m A14806203938 
998 f f |a QA273.6 .N37 1980  |s v.4-v.6  |t 0  |l Remote Storage